Topolčiansky okres v číslach a faktoch v dvoch rokoch 6. 5 RP

Bibliographic Details
Format: Book
Language:Slovak
Published: Topoľčany OOSŠÚ [1978]
Subjects:

MARC

LEADER 00000nam a2200000 a 4500
001 vtls010641270
003 SK-MaSNL
005 20260302052707.0
008 250313s1978 xo g 000 0 slo
015 |a SNBA1978 
035 |a 451EC77E-2BBF-46FA-A748-79B93624A128 
035 |a urn:nbn:sk:snk-amjzok 
035 |a urn:nbn:sk:snk-am007ygd 
040 |a SNK  |b slo  |c SNK  |e AACR2 
041 0 |a slo 
043 |a e-xo--- 
044 |a xo  |c SK 
080 |a 330.5+338  |2 2001 
080 |a (437.6)  |2 2001 
080 |a (048.8)  |2 2001 
245 0 0 |a Topolčiansky okres v číslach a faktoch v dvoch rokoch 6. 5 RP 
260 |a Topoľčany  |b OOSŠÚ  |c [1978] 
650 0 7 |a národné hospodárstvo  |2 SNKPH  |9 846 
651 7 |a Topoľčany (Slovensko : okres)  |2 SNKPH  |9 159758 
651 7 |a prehľady  |2 SNKPH  |9 316338 
852 |a Slovenská národná knižnica 
958 |a OND 
999 |c 1106230  |d 1108160 
952 |a SNK  |b SNK  |y PREZ  |7 0  |p 17A0981238  |o snkSB 33280  |i snkKSP 4973/82  |0 0  |1 0  |4 0  |d 2014-12-05  |f 1  |l 0  |r 2025-04-08 00:00:00  |w 2026-02-24 
952 |a SNK  |b SNK  |y VYP  |7 0  |o snkSB 33280 D1  |i snkKSP 5084/82  |0 0  |1 0  |4 0  |d 2014-12-05  |l 0  |r 2026-02-24 17:45:45  |w 2026-02-24